[Event "GER-ch U25"]
[Site "Willingen"]
[Date "2007.05.28"]
[Round "3"]
[White "Srokovskiy, Alexander"]
[Black "Knies, Jonas"]
[Result "1/2-1/2"]
[WhiteElo "1760"]
[BlackElo "1474"]
[PlyCount "25"]
[EventDate "2007.05.26"]
[EventType "swiss"]
[EventRounds "9"]
[EventCountry "GER"]
[SourceTitle "CBM 118 Extra"]
[Source "ChessBase"]
[SourceDate "2007.07.04"]
[SourceVersion "1"]
[SourceVersionDate "2007.07.04"]
[SourceQuality "1"]

1. e4 d5 2. exd5 Qxd5 3. Nc3 Qa5 4. Bc4 Nf6 5. d3 Nc6 6. Bd2 Qc5 7. Nb5 Ne5 8. Be3 Qc6 9. Bf4 a6 10. Bxe5 axb5 11. Bb3 Qxg2 12. Qf3 Bh3 13. Ke2 1/2-1/2

[Event "Niedersachsen-chT U16"]
[Site "Stade"]
[Date "2007.05.19"]
[Round "5.3"]
[White "Knies, Jonas"]
[Black "Freitag, Florian"]
[Result "1-0"]
[WhiteElo "1474"]
[BlackElo "961"]
[PlyCount "31"]
[EventDate "2007.05.17"]
[EventType "team-tourn"]
[EventRounds "7"]
[EventCountry "GER"]
[SourceTitle "EXT 2008"]
[Source "ChessBase"]
[SourceDate "2007.11.25"]
[SourceVersion "1"]
[SourceVersionDate "2007.11.25"]
[SourceQuality "1"]

1. e4 e5 2. Bc4 Nc6 3. d3 Bc5 4. Nc3 d6 5. f4 exf4 6. Bxf4 Bxg1 7. Rxg1 Qh4+ 8. Bg3 Qg4 9. Qd2 Nd4 10. Qf2 Be6 11. Qxd4 Nf6 12. Nb5 c5 13. Nxd6+ Ke7 14. Qxc5 Bxc4 15. Nxc4+ Ke6 16. Qd6# 1-0

[Event "Niedersachsen-chT U14"]
[Site "Verden"]
[Date "2006.05.27"]
[Round "6.4"]
[White "Stickler, Peter Michael"]
[Black "Knies, Jonas"]
[Result "0-1"]
[WhiteElo "1083"]
[BlackElo "1191"]
[PlyCount "42"]
[EventDate "2006.05.25"]
[EventType "team"]
[EventRounds "7"]
[EventCountry "GER"]
[SourceTitle "EXT 2007"]
[Source "ChessBase"]
[SourceDate "2006.11.23"]
[SourceVersion "1"]
[SourceVersionDate "2006.11.23"]
[SourceQuality "1"]

1. e4 d5 2. exd5 Qxd5 3. Nc3 Qa5 4. d4 Nf6 5. Nf3 Bg4 6. h3 Bh5 7. g4 Bg6 8. Ne5 Nbd7 9. Nc4 Qa6 10. Bf4 Qe6+ 11. Qe2 Qxe2+ 12. Bxe2 0-0-0 13. Bf3 e6 14. 0-0-0 h6 15. Nb5 a6 16. Nxc7 Bh7 17. Na5 Be4 18. Bxe4 Nxe4 19. Rd3 Bb4 20. Nxb7 Nxf2 21. Rb3 Nxh1 0-1